00745cam a22002411a 4500001001300000003000400013005001700017008004100034010001700075035001900092040002500111042001200136050001600148100004100164245010600205260005600311300002000367502002900387500001000416504003000426600003000456999001700486g 01000804 DLC20260227111252.0810811s1898 gw b 000 0 ger  ag 01000804  a(OCoLC)7660098 aDLCcDNIEdDNIEdDLC apremarc00aPR5263b.F41 aFechheimer, Samuel Sigismund,d1867-10aUeber die Bedeutung Ruskins für das Leben und die Erziehung in England /cvon Samuel S. Fechheimer. aJena :bUniversitäts-Buchdr. G. Neuenhahn,c1898. a63 p. ;c23 cm. aThesis (doctoral)--Jena. aVita. aBibliography: p. [62]-63.10aRuskin, John,d1819-1900. c23564d23564